00593nam a2200181Ii 450000100060000000300090000600800410001504000330005604100080008908200160009710000320011324500780014526400950022330000120031833600260033033700280035633800270038414262CO-ViMGA241108s9999||||xx |||||||||||||| ||und|| aCO-ViMGAbspaerdacCO-ViMGA0 aspa04a614.78 A51r1 aAlcaldía de Villavicencio10aRuido ambiental:bzonificación área urbana municipio de Villavicencio 1aBogotá, Colombia : [Editorial no identificada], [Fecha de publicación no identificada] avolumen atextbtxt2rdacontent aunmediatedbn2rdamedia avolumebnc2rdacarrier